[Event "Yingmei Cup CHN-chT 2017"]
[Site "?"]
[Date "2017.04.20"]
[Round "3"]
[White "Hong, Xing"]
[Black "Shvayger, Yuliya"]
[Result "0-1"]
[WhiteElo "1982"]
[BlackElo "2416"]
[Annotator "TA"]
[PlyCount "130"]
[EventDate "2017.??.??"]
[SourceTitle "Shenzen"]

1. c4 e5 2. Nc3 Nf6 3. Nf3 Nc6 4. d4 exd4 5. Nxd4 Bb4 6. e3 {A28: English
Opening: Four Knights Variation} (6. Bg5 h6 7. Bh4 Bxc3+ 8. bxc3 Ne5 9. e3 O-O
10. Be2 Ng6 11. Bg3 Ne4 12. Qc2 Re8 13. Bd3 Nxg3 14. hxg3 Ne5 15. Be2 d6 16.
O-O b6 17. f4 {1/2-1/2 (48) Rakhmanov, A (2662)-Matlakov,M (2691) Sochi 2016})
6... O-O 7. Be2 Ne4 8. Qc2 {The position is equal.} (8. Bd2 $5 {seems wilder.}
Nxc3 9. Bxc3 Bxc3+ 10. bxc3 b6 11. Bf3) 8... Nxc3 (8... Re8 $5 {feels hotter.}
9. O-O Nxc3 10. Bd3 g6 11. a3 Nxd4 12. exd4 Nd5) 9. bxc3 Be7 10. O-O d6 11.
Nxc6 $146 (11. e4 Bf6 12. Be3 Re8 13. Rfe1 Qe7 {1-0 (45) Haertig,J-Taistra,E
Germany 2003}) 11... bxc6 12. Bf3 Bd7 13. c5 dxc5 14. Rd1 Bd6 15. Bb2 Rb8 16.
c4 Rb4 17. a3 Rb6 ({Inferior is} 17... Rxb2 18. Qxb2 Qh4 19. g3 Qxc4 20. Qb7
$16) 18. g3 Qe7 19. Bc3 Rfb8 20. Rab1 Qe6 21. Be2 Qh3 (21... h5 $142) 22. Bf1 (
22. Ba5 $142) 22... Qh5 23. Ba5 Bg4 24. Bxb6 (24. Re1 $5 {creates asymmetry.}
Rxb1 25. Rxb1 Rd8 26. Bg2 f6 27. Bxc6 Bf3 28. Bxf3 Qxf3 29. Qd3) 24... Bxd1 25.
Qxd1 (25. Rxd1 $5 {is interesting.} Rxb6 26. f4 Qf3 27. Qd3 Rb2 28. Rd2) 25...
Qxd1 26. Rxd1 {[#] Hoping for Ba5.} axb6 $11 {Endgame KRB-KRB} 27. Rb1 Ra8 28.
Bg2 Ra4 29. Rc1 Rxa3 30. Bxc6 Kf8 31. Kg2 Ke7 32. Kf3 f5 33. Rc2 Kf6 34. h3 Ke7
35. Ke2 Be5 36. Bb5 Bc3 37. Rc1 Ra2+ 38. Kf3 Be5 39. g4 g6 40. Rd1 Bd6 41. gxf5
gxf5 42. Rg1 Kf6 43. Rg8 Rc2 44. Rc8 Kg6 45. Rg8+ Kh6 46. Rd8 Kg7 47. Rc8 h5
48. Rd8 h4 ({Black should try} 48... Rc1 $15) 49. Rc8 (49. Rd7+ $11 Kg6 50. Rd8
) 49... Bh2 $15 50. e4 ({White should play} 50. Re8 $15) 50... fxe4+ $17 51.
Kxe4 Rxf2 52. Rd8 Bd6 53. Kd5 (53. Re8 $17) 53... Rf5+ (53... Rh2 $19 54. Bd7
Rd2+ 55. Kc6 {[#]} b5 $1) 54. Kc6 $2 (54. Ke4 $17 Rf1 55. Re8) 54... Rf3 $19
55. Rd7+ Kg6 56. Rd8 Rxh3 57. Rg8+ Kf6 58. Ba6 $2 (58. Rh8) 58... Ra3 {Black
is clearly winning.} 59. Bb7 h3 60. Rh8 h2 61. Kd7 Ra1 62. Bd5 Rg1 63. Kc6 Kg7
64. Rh3 Rg6 65. Kb5 Rh6 0-1

[Event "Yingmei Cup CHN-chT 2017"]
[Site "?"]
[Date "2017.04.21"]
[Round "4"]
[White "Yu, Yangyi"]
[Black "Li, Yankai"]
[Result "1-0"]
[WhiteElo "2750"]
[BlackElo "2392"]
[Annotator "TA"]
[PlyCount "67"]
[EventDate "2017.??.??"]
[SourceTitle "Shenzen"]

1. e4 e5 2. Nf3 Nc6 3. Bb5 a6 4. Ba4 Nf6 5. O-O Be7 6. d3 b5 7. Bb3 d6 8. a4 b4
9. a5 O-O 10. Re1 h6 {C88: Closed Ruy Lopez: Anti-Marshall Systems} (10... Be6
11. Nbd2 Bxb3 12. Nxb3 Re8 13. h3 h6 14. Nh4 Bf8 15. Nf5 Ne7 16. Ne3 Qd7 17.
Ng4 Nh7 18. d4 exd4 19. Nxd4 {1/2-1/2 (44) Anand,V (2776)-Svidler,P (2745)
Moscow 2016}) 11. Nbd2 Re8 12. c3 Rb8 {White is slightly better.} 13. h3 Bf8
14. Nc4 Be6 $146 (14... Bd7 15. Ne3 bxc3 16. bxc3 Na7 17. Nh2 Nb5 18. Bd2 {
1/2-1/2 (65) Fogarasi,T (2500)-Pinter,J (2560) Hungary 1997}) 15. Ba4 Bd7 16.
Bd2 bxc3 17. bxc3 Na7 18. Ne3 g6 19. Qc2 Bg7 20. Rab1 Qe7 21. c4 Rec8 22. Nd5
Nxd5 (22... Qe8 $16) 23. exd5 $18 (23. cxd5 $6 Nb5 $11) 23... Bxa4 24. Qxa4 c6
{[#]} (24... Qd8 $142 25. Be3 c5) 25. Rb6 $1 (25. Rxb8 Rxb8 26. d4 (26. dxc6
Qc7 $11) 26... cxd5 $11) 25... cxd5 26. cxd5 ({Resist} 26. Rxa6 $6 dxc4 27. Be3
(27. dxc4 Qc7 $16) 27... Rb7 $16) 26... Nb5 27. Rxa6 Nc3 $2 {[#]} (27... Nc7 {
was worth a try.} 28. Ra7 Qe8 29. Qxe8+ Nxe8) 28. Bxc3 $1 Rxc3 29. Rb6 Ra8 30.
a6 Rc7 31. Reb1 {White is clearly winning.} Kh7 32. Rb7 Ra7 {[#]} 33. Qc6 $3
Rxc6 34. dxc6 1-0

[Event "Yingmei Cup CHN-chT 2017"]
[Site "?"]
[Date "2017.04.21"]
[Round "4"]
[White "Li, Chao b"]
[Black "Wang, Yue"]
[Result "1/2-1/2"]
[WhiteElo "2720"]
[BlackElo "2706"]
[Annotator "TA"]
[PlyCount "59"]
[EventDate "2017.??.??"]
[SourceTitle "Shenzen"]

1. d4 d5 2. c4 dxc4 3. Nf3 Nf6 4. e3 e6 5. Bxc4 c5 6. O-O a6 7. dxc5 Qxd1 8.
Rxd1 Bxc5 9. Be2 Nbd7 10. Nbd2 O-O 11. Nc4 b6 12. b3 Bb7 13. Bb2 {The position
is equal.} Bd5 {[%emt 0:00:07] D2: Queen's Gambit Accepted: Classical main
line: 7 e4!? and 7 a4} (13... Rfd8 14. Rac1 b5 15. Nce5 Rac8 16. Kf1 h6 17.
Nxd7 Rxd7 18. Ne5 Rdc7 19. Bf3 Ne4 20. Bxe4 Bxe4 21. f3 {1/2-1/2 (67)
Tomashevsky,E (2714)-Karjakin,S (2770) Sochi 2014}) 14. Nfe5 b5 15. Nxd7 Nxd7
16. e4 Bxe4 17. Rxd7 {[#] aiming for Nd6.} bxc4 18. Rc1 Rfc8 19. Bxc4 a5 20. a4
$146 Bc6 21. Rd3 Be4 22. Rd7 Bc6 23. Rdd1 h5 24. Kf1 Bb4 25. h3 Kf8 26. f3 g6
27. Bf6 Be7 28. Bb2 Bb4 29. Bf6 Be7 30. Bb2 1/2-1/2

[Event "Yingmei Cup CHN-chT 2017"]
[Site "?"]
[Date "2017.04.21"]
[Round "4"]
[White "Kryvoruchko, Yuriy"]
[Black "Yu, Ruiyuan"]
[Result "1-0"]
[WhiteElo "2710"]
[BlackElo "2526"]
[Annotator "TA"]
[PlyCount "59"]
[EventDate "2017.??.??"]
[SourceTitle "Shenzen"]

1. e4 c6 2. d4 d5 3. e5 Bf5 4. Nd2 e6 5. Nb3 Nd7 6. Nf3 Ne7 {B12: Caro-Kann:
Advance Variation} (6... Qc7 7. Be2 c5 8. O-O c4 9. Nbd2 h6 10. c3 Ne7 11. b3
cxb3 12. Qxb3 Nc6 13. c4 Na5 14. Qa4 dxc4 15. Nxc4 Nxc4 16. Bxc4 {0-1 (51)
Rublevsky,S (2689)-Fedoseev,V (2673) Novi Sad 2016}) 7. Be2 Bg6 8. O-O Nf5 {
White has an edge.} 9. a4 a6 10. a5 c5 11. dxc5 Nxc5 12. Bg5 Qc7 $146 (12... f6
13. Nxc5 Bxc5 14. Bf4 O-O 15. c4 d4 16. Ne1 Ne7 17. Nd3 Bxd3 18. Bxd3 f5 19.
Bd2 Nc6 20. Qe1 Qe7 {1/2-1/2 (20) Markidis,K (2291) -Kharitonov,A (2538)
Rethymno 2012}) 13. c4 $36 {White has the initiative.} h6 14. Bf4 (14. Bd2 $14
dxc4 15. Nxc5 (15. Bxc4 Qd7 $14) 15... Bxc5 16. Qa4+ (16. Bxc4 Bxf2+ 17. Rxf2
Qxc4 $17) 16... Qd7 17. Rfc1 (17. Bxc4 Rd8 $11) (17. Qxc4 Rc8 18. Qa4 Nd4 19.
Qxd7+ Kxd7 20. Nxd4 Bxd4 $11)) 14... Rd8 (14... dxc4 $11 15. Nxc5 (15. Bxc4 Rd8
16. Qe2 Bh5 $11) 15... Qxc5) 15. Nxc5 $14 Bxc5 16. b4 Ba7 17. Qa4+ Qd7 18. b5 {
Strongly threatening cxd5.} axb5 (18... O-O $14) 19. cxb5 $16 O-O (19... Bh5
$16 {was necessary.}) 20. b6 $18 Qxa4 21. Rxa4 Bb8 22. a6 bxa6 23. Bxa6 (23.
Bd2 $16) 23... d4 ({Black should try} 23... Bh5 $14) 24. g4 (24. Bd2 $18) 24...
Ne7 $14 25. b7 d3 (25... Nd5 $11 {remains equal.} 26. Rxd4 Ba7) 26. Rc1 $16 Nd5
27. Bd2 Rd7 $2 {[#]} (27... Nc7 $16) 28. Rc8 $18 f6 (28... Rc7 {keeps fighting.
} 29. Rd4 Rc2 30. Rxd5 exd5) 29. exf6 Nc7 30. Ne5 1-0

[Event "Yingmei Cup CHN-chT 2017"]
[Site "?"]
[Date "2017.04.21"]
[Round "4"]
[White "Wang, Hao"]
[Black "Li, Di"]
[Result "1-0"]
[WhiteElo "2690"]
[BlackElo "2485"]
[Annotator "TA"]
[PlyCount "63"]
[EventDate "2017.??.??"]
[SourceTitle "Shenzen"]

1. Nf3 d5 2. g3 g6 3. Bg2 Bg7 4. d4 Nd7 5. c4 dxc4 6. Nc3 c6 7. a4 a5 8. O-O
Ngf6 9. e4 O-O 10. Qe2 {D78: Fianchetto Grünfeld: 6 0-0 c6} Nb6 11. h3 {
LiveBook: 5 Games} e5 12. dxe5 {Threatens to win with Bg5.White has an edge.}
Nfd7 13. Rd1 $146 (13. Bg5) 13... Qc7 14. Be3 Re8 15. Qd2 Bf8 16. Bf4 {And now
e6! would win.} Nc5 17. e6 $1 $36 {Black is under pressure.} Qe7 18. exf7+ Qxf7
{White should prevent ...Nb3.} 19. Qe3 Ra6 20. Bd6 Nd3 21. Bxf8 Qxf8 22. Ne1
Nd5 $2 (22... Nc5 $11 {and Black has nothing to worry.}) 23. Nxd5 $18 cxd5 24.
Nxd3 cxd3 25. e5 (25. Rxd3 $6 dxe4 26. Rd4 (26. Bxe4 Bxh3 27. Bd5+ Kg7 $16)
26... Rae6) 25... Qf5 26. Rac1 (26. Rxd3 $6 Rxe5 27. Qd2 (27. Bxd5+ Rxd5 28.
Qe8+ Kg7 29. Rxd5 Qxd5 $16) 27... Rd6 $18) (26. Qxd3 Qxd3 27. Rxd3 Rxe5 $16)
26... Bd7 $2 (26... Ra8 {is a better defense.} 27. Bxd5+ (27. Qxd3 Qxd3 28.
Rxd3 Rxe5 29. Bxd5+ Be6 $18) 27... Kh8) 27. Bxd5+ (27. Qxd3 Qxd3 28. Rxd3 Bxa4
29. Bxd5+ Kh8 $18) 27... Kh8 28. Qxd3 (28. Rxd3 Rxe5 29. Qd2 Rd6 $18) (28. Bxb7
$142 Rd6 29. Rc5 (29. exd6 Rxe3 30. fxe3 Qe5 31. Rxd3 Qxb2 $11)) 28... Rxe5 $2
(28... Qxd3 29. Rxd3 Bxa4) 29. Qc3 Rf6 {[#]} 30. f4 $1 (30. Bxb7 $2 Qxf2+ 31.
Kh1 {[#]} Bc6+ $1 32. Bxc6 Re2 33. Qxf6+ (33. Rd8+ $2 Kg7 34. Qxf6+ Qxf6 $19)
33... Qxf6 $19) 30... Re7 $2 (30... Rxd5 31. Rxd5 Qxd5) 31. g4 ({Not} 31. Qxa5
Re3 32. Rc3 Re2 33. Qa8+ Rf8 34. Qxb7 Bxa4 $18) (31. Re1 $142 Rxe1+ 32. Rxe1)
31... Qxf4 {( -> ...Re2)} 32. Rf1 1-0

[Event "Yingmei Cup CHN-chT 2017"]
[Site "?"]
[Date "2017.04.21"]
[Round "4"]
[White "Ni, Hua"]
[Black "Lin, Chen"]
[Result "1-0"]
[WhiteElo "2674"]
[BlackElo "2475"]
[Annotator "TA"]
[PlyCount "95"]
[EventDate "2017.??.??"]
[SourceTitle "Shenzen"]

1. d4 d5 2. c4 c6 3. Nf3 Nf6 4. Nc3 a6 5. c5 Nbd7 6. Bf4 Nh5 7. Bd2 Nhf6 {
D15: Slav Defence: 4 Nc3 a6 and gambit lines after 4 Nc3 dxc4} 8. Rc1 (8. Qc2
g6 9. g3 Bg7 10. Bg2 O-O 11. O-O Re8 12. Rad1 Nf8 13. Qb3 Ne6 14. Na4 Ne4 15.
Nb6 Nxd2 16. Rxd2 {1/2-1/2 (42) Moiseenko,A (2692)-McShane,L (2674) Germany
2016}) 8... g6 9. g3 Bg7 10. Bg2 O-O 11. O-O Ne4 12. Bf4 {LiveBook: 4 Games}
Nxc3 13. bxc3 b6 $146 (13... e5 14. Nxe5 Nxe5 15. Bxe5 Bxe5 16. dxe5 {1/2-1/2 
(24) Ensenbach,M (2042) -Heinke,R (2379) ICCF email 2013}) 14. c4 dxc4 15. Rxc4
b5 16. Rc1 Bb7 17. d5 (17. e4 $142) 17... Rc8 $16 18. d6 e5 ({Black should try
} 18... exd6 $14 19. Qxd6 (19. cxd6 c5 $11) (19. Bxd6 Re8 $11) 19... Re8) 19.
Bg5 f6 20. Be3 a5 21. h4 Qe8 22. Bh3 (22. h5 $16) 22... e4 23. Qb3+ Kh8 (23...
Rf7 $142) 24. Nd4 $36 {Black is under strong pressure.} a4 25. Qe6 f5 26. h5
Qf7 (26... Be5 $16) 27. Qxf7 Rxf7 28. Ne6 Be5 29. g4 fxg4 (29... Re8 $16 30.
Ng5 Rff8) 30. hxg6 $18 (30. Bxg4 gxh5 31. Bh3 (31. Bxh5 Rg8+ 32. Kh1 Rf5 $19) (
31. Ng5 Rg7 32. Bxd7 Rxd7 $14) 31... Rg8+ 32. Kh1 Nf6 $14) 30... Rf6 31. g7+ ({
Don't play} 31. Bxg4 $6 Rxg6 32. Ng5 Bf6 33. Bxd7 Bxg5) 31... Kg8 32. Bxg4 Rg6
33. Ng5 Bf6 34. Bxd7 Bxg5 35. Bxg5 ({Weaker is} 35. Bxc8 Bxe3+ 36. Kh1 Rh6+ 37.
Kg1 Rg6+ 38. Kh1 Rh6+ 39. Kg2 Rg6+ 40. Kh1 $11) 35... Rxg5+ 36. Kh2 {Black
must now prevent Be6+.} Rd8 37. Bh3 (37. Be6+ $16 Kxg7 38. f4 Rh5+ 39. Kg3)
37... Bc8 $1 $14 38. Bxc8 Rxc8 {Endgame KRR-KRR} 39. Rg1 Rd5 {[#]} (39... Rxg7
$14 40. Rxg7+ Kxg7) 40. Rg4 $1 $18 Re8 {[#]} 41. Rc3 $1 h5 (41... Rf5 {was
necessary.}) 42. Rg1 ({White should play} 42. Rg6 $18) 42... Rd2 (42... Ree5
$16 43. Kh3 Rg5) 43. Re3 Re6 44. f3 b4 (44... Rd4 $142 45. Rg3 Rd2) 45. fxe4 b3
46. axb3 axb3 47. Rxb3 {White threatens Rb8+ and mate.} Rxe2+ 48. Rg2 1-0

[Event "Yingmei Cup CHN-chT 2017"]
[Site "?"]
[Date "2017.04.21"]
[Round "4"]
[White "Ma, Qun"]
[Black "Peng, Xiongjian"]
[Result "1/2-1/2"]
[WhiteElo "2637"]
[BlackElo "2423"]
[Annotator "TA"]
[PlyCount "96"]
[EventDate "2017.??.??"]
[SourceTitle "Shenzen"]

1. e4 c5 2. Nc3 d6 3. f4 Nc6 4. Nf3 g6 5. Bb5 Bg7 6. Bxc6+ bxc6 7. d3 Nf6 8. h3
Rb8 9. O-O O-O 10. Qe1 {LiveBook: 3 Games. B23: Closed Sicilian: Lines without
g3} Nd7 (10... Qc7 11. b3 Re8 12. Bd2 Nd7 13. Rd1 e5 14. f5 Nf8 15. g4 f6 16.
Na4 g5 17. h4 h6 {1-0 (42) Pridorozhni,A (2579)-Scherbakov,M (2188) Sochi 2016}
) 11. Kh1 e6 12. e5 $146 {White is slightly better.} (12. Rb1 d5 13. Bd2 c4 14.
dxc4 Ba6 15. b3 dxc4 16. Rg1 cxb3 17. axb3 Bb7 {0-1 (48) Kierzek,M (2040)
-Schulte,S Bad Zwesten 1999}) 12... d5 13. b3 Ba6 14. Qg3 f6 15. Bb2 Qc7 16.
Rfe1 fxe5 17. Nxe5 Rb4 {[#]} (17... Nxe5 $11 {keeps the balance.} 18. fxe5 Bb5)
18. Na4 $1 $16 Rf5 (18... Rfxf4 $2 19. Nxd7 (19. a3 Rxa4 20. bxa4 Rf5 $15)
19... Bxb2 20. Nxb2 $18) 19. Nxd7 Bxb2 20. Nxb2 (20. Ndxc5 $5 {with more
complications.} Rxa4 21. bxa4 Bxa1 22. Nxa6 Qb6 23. Rxa1 Qxa6 24. Qe3) 20...
Qxd7 21. c4 Qd6 ({Black should play} 21... Rb8) 22. Re5 dxc4 (22... Rb8 $16)
23. dxc4 $18 (23. Nxc4 Bxc4 24. dxc4 (24. bxc4 Rb2 $11) 24... Rb8 $16) 23...
Qd4 24. Rb1 (24. Rd1 $18 Qxf4 25. Rd8+ Kg7 26. Qxf4 Rxf4 27. Nd3) 24... Rxe5
25. fxe5 Rb8 {[#]} 26. Qg4 (26. Qe1 $1 $18 {and White stays clearly on top.})
26... Qxe5 $16 27. Nd3 Qf5 28. Qxf5 (28. Re1 $5 {is interesting.} Rd8 29. Ne5
Qxg4 30. Nxg4 Bc8 31. Re2) 28... gxf5 $14 {Endgame KRB-KRN} 29. Re1 ({Much
worse is} 29. Nxc5 Bxc4 30. Kh2 (30. Re1 Bd5 31. Kh2 Kf7 $17) 30... Bd5 $17)
29... Rd8 $1 30. Nxc5 Bc8 31. Re3 Kf7 (31... Rd1+ $5 32. Kh2 $8 Kf7 $11) 32.
Nd3 Kf6 33. g3 Rd4 34. Kg2 {The position is equal.} Bd7 35. Kf2 Be8 36. Ke2 Bg6
37. Ke1 Rd8 38. Ne5 Be8 39. a4 Rd4 40. Nd3 h5 41. h4 {[#]} e5 $1 42. a5 ({
Wrong is} 42. Nxe5 $2 Re4 43. Kf2 Kxe5 $19) 42... e4 43. Nc5 Ke5 44. Re2 Kd6
45. Nb7+ Kc7 46. Nc5 Kd6 47. Nb7+ Kc7 48. Nc5 {Hoping for Ne6+.} Kd6 1/2-1/2

[Event "Yingmei Cup CHN-chT 2017"]
[Site "?"]
[Date "2017.04.21"]
[Round "4"]
[White "Sethuraman, S P."]
[Black "Zhao, Yuanhe"]
[Result "1-0"]
[WhiteElo "2619"]
[BlackElo "2386"]
[Annotator "TA"]
[PlyCount "123"]
[EventDate "2017.??.??"]
[SourceTitle "Shenzen"]

1. d4 d5 2. c4 c6 3. Nf3 Nf6 4. e3 e6 5. b3 Nbd7 6. Bd3 Bd6 7. Bb2 O-O 8. O-O
b6 9. Nc3 Bb7 10. Qc2 Qe7 {[%emt 0:00:05] D4: Semi-Slav: 5 e3} 11. Rfe1 {
LiveBook: 19 Games} (11. Rad1 Rac8 12. Qb1 c5 13. cxd5 exd5 14. Bf5 Rcd8 15.
Rfe1 Rfe8 16. Bh3 Ne4 17. dxc5 Ndxc5 18. Nb5 {1-0 (36) Karjakin,S (2785)-Lu,S 
(2627) Doha 2016}) 11... Rfe8 $146 (11... Ba3 12. Bxa3 Qxa3 13. Ne5 Rfd8 14.
Rab1 Qd6 15. f4 c5 16. cxd5 exd5 17. Qf2 cxd4 18. exd4 {1-0 (47) Kovalenko,I 
(2653)-Miton,K (2601) Wroclaw 2014}) 12. e4 dxc4 {The position is equal.} 13.
Bxc4 e5 14. Ng5 Rf8 15. f4 Nh5 $2 ({Black should play} 15... b5 $1 $14) 16.
Nxf7 $1 $18 (16. fxe5 Nxe5 17. Nh3 Nxc4 18. bxc4 Rad8 $11) 16... Rxf7 17. fxe5
(17. Bxf7+ Qxf7 18. fxe5 Nxe5 $15) 17... Nxe5 18. dxe5 Bc5+ 19. Kh1 Ba6 {
White must now prevent ...Bxc4.} 20. Bxf7+ (20. Bxa6 Ng3+ $1 21. hxg3 Qg5 22.
Bc8 Rxc8 23. Re3 Bxe3 24. Qf2 Bxf2 25. Kh2 Qh6#) 20... Qxf7 21. Ne2 $1 Qf2 22.
b4 Bxb4 23. Qb3+ $1 (23. Qxc6 $6 Rc8 24. Qe6+ Qf7 25. Qxf7+ Kxf7 26. Rf1+ Ke7
$16) 23... Kh8 24. Qxb4 Bxe2 25. Bd4 Qh4 26. Qc3 Qxe4 {next ...Nf4 is good for
Black.} 27. Be3 Bg4 {[#]} (27... Bc4 $142 28. Bxb6 Qg4) 28. Bxb6 $1 Qd5 {
...Nf4 is the strong threat.} (28... axb6 29. Rxe4) 29. Be3 Re8 30. Qd4 (30.
Bxa7 Nf4 31. Rg1 (31. Qg3 Nxg2 32. Qb3 Qxb3 33. axb3 Nxe1 34. Rxe1 Be6 $15)
31... Ne2 $16) 30... Be6 31. Rf1 a6 32. a4 Qxd4 33. Bxd4 g5 34. g3 Ng7 35. Kg1
Bc4 36. Rfc1 Bd5 37. Rab1 Ne6 38. Be3 Rf8 39. Rb7 Rf3 40. Re1 h5 41. Ra7 h4 42.
Rb1 (42. Rxa6 hxg3 43. hxg3 Rxg3+ 44. Kf2 Rg2+ 45. Kf1 Rh2 $18) 42... Rf8 43.
Rbb7 (43. Rxa6 Kg7 44. gxh4 gxh4 $18) 43... h3 44. Bc5 (44. Rxa6 $2 Bc4 45. Bf2
Bxa6 $19) 44... Rc8 45. Be3 Rf8 $1 46. Rh7+ (46. Rxa6 $2 Bc4 47. Bf2 Bxa6 $19)
46... Kg8 47. Rh6 (47. Rxh3 Rf3 48. Bb6 (48. Rxa6 Rxe3 49. Ra8+ Kg7 $15) 48...
Nf4 49. gxf4 Rxh3 50. Ra8+ (50. fxg5 Rh4 51. Rxa6 Rg4+ 52. Kf2 Kf7 $18) (50.
Rxa6 gxf4 51. e6 Bxe6 $14) 50... Kg7 $18) 47... Rb8 (47... Rf7 $142 48. Rxf7
Kxf7 49. Rxh3 Kg7) 48. Rg6+ (48. Rxa6 Rb1+ 49. Kf2 Bc4 $16) 48... Kh8 49. Rh6+
Kg8 50. Rxh3 $2 (50. Bxg5 $18 {and the rest is easy. Threatening mate with Bf6.
} Rb1+ 51. Kf2 Nxg5 52. Rg6+ (52. Rxa6 Kg7 53. Rh4 Rb2+ 54. Ke3 Rxh2 $19) 52...
Kh8 53. Rxg5) 50... Rb1+ $2 (50... Rb3 $16 {is a better defense.}) 51. Kf2 Rb2+
52. Ke1 Bc4 {intending ...Re2+.} 53. Kd1 $1 Bb3+ 54. Kc1 Rc2+ 55. Kb1 Re2 56.
Bb6 {Threatens to win with Rh6.} (56. Rxa6 Rxe3 57. Ra7 (57. Rxc6 Rxe5 58. Ra6
Nc5 $11) 57... Nc5 $11) 56... c5 57. Rh6 {Hoping for Ba5.} Bd5 $2 {[#]} (57...
Nd4 $16 {was necessary.}) 58. Rg6+ $1 (58. Rxa6 Nd4 59. Bxc5 Be4+ 60. Kc1 Rc2+
61. Kd1 Bf3+ 62. Ke1 Re2+ 63. Kd1 Rxh2+ 64. Ke1 Re2+ 65. Kd1 (65. Kf1 $2 Bg2+
66. Kg1 Nf3#) 65... Rh2+ 66. Ke1 Re2+ 67. Kd1 (67. Kf1 $2 Bg2+ 68. Kg1 Nf3#)
67... Rh2+ $11) 58... Kh8 {[#] aiming for ... Be4+.} 59. Rf6 $1 c4 $2 (59...
Kg8 60. Rd7 (60. Rxa6 Nd4 61. Bxc5 Be4+ 62. Kc1 Rc2+ 63. Kd1 Rxc5 $16) 60...
Bb3) 60. Ba5 {White is clearly winning.} Be4+ 61. Ka1 Bd5 (61... c3 $142 62.
Bxc3 (62. Rxe6 Re1+ 63. Ka2 Bd5+ 64. Ka3 Ra1+ 65. Kb4 Bxe6 66. Kxc3 Rxa4 $16)
62... Bd5) 62. Rd7 ({Not} 62. Rxa6 Nd4 63. Kb1 (63. Rh6+ Kg7 64. Rag6+ Kf8 65.
Rf6+ Kg7 $11) 63... Be4+ 64. Kc1 Rc2+ 65. Kd1 c3 66. Bxc3 Rxc3 $16) 1-0

[Event "Yingmei Cup CHN-chT 2017"]
[Site "?"]
[Date "2017.04.21"]
[Round "4"]
[White "Zhou, Jianchao"]
[Black "Wei, Yi"]
[Result "1/2-1/2"]
[WhiteElo "2613"]
[BlackElo "2727"]
[Annotator "TA"]
[PlyCount "42"]
[EventDate "2017.??.??"]
[SourceTitle "Shenzen"]

1. Nf3 d5 2. d4 Nf6 3. c4 e6 4. Nc3 Bb4 5. Bg5 dxc4 6. e4 c5 7. Bxc4 cxd4 8.
Nxd4 Bxc3+ 9. bxc3 Qa5 10. Nb5 Nxe4 {D39: Queen's Gambit Declined: Ragozin
Defence with 5 Bg5 dxc4} 11. Qd4 O-O 12. Qxe4 a6 13. Be7 axb5 14. Bb4 Qc7 15.
Bxf8 {LiveBook: 8 Games. The position is equal.} Kxf8 16. Bb3 Qxc3+ 17. Ke2
Qb2+ $1 18. Ke3 $146 (18. Kf3) 18... Qc3+ 19. Ke2 Qb2+ $1 20. Ke3 Qc3+ 21. Ke2
{[#] Rac1 is the strong threat.} Qb2+ $1 1/2-1/2

[Event "Yingmei Cup CHN-chT 2017"]
[Site "?"]
[Date "2017.04.21"]
[Round "4"]
[White "Zhou, Weiqi"]
[Black "Bu, Xiangzhi"]
[Result "1/2-1/2"]
[WhiteElo "2606"]
[BlackElo "2713"]
[Annotator "TA"]
[PlyCount "63"]
[EventDate "2017.??.??"]
[SourceTitle "Shenzen"]

1. e4 c5 2. Nf3 Nc6 3. Bb5 d6 4. O-O Bd7 5. c3 Nf6 6. Re1 a6 7. Bf1 Bg4 8. h3
Bxf3 9. Qxf3 e6 {B51: Sicilian: Moscow Variation (3 Bb5+) without 3...Bd7} (
9... g6 10. d3 Bg7 11. Be3 O-O 12. Nd2 Nd7 13. Qd1 b5 14. a3 e6 15. Nf3 Nce5
16. d4 Nxf3+ 17. Qxf3 Qc7 18. Qd1 Nb6 19. dxc5 dxc5 20. Qc2 c4 21. Rad1 Rfd8
22. Bg5 Rxd1 23. Rxd1 h6 24. Be3 {1/2-1/2 (24) Wang,H (2683)-Bu,X (2711) Ho
Chi Minh City 2017}) 10. Qg3 Nh5 11. Qe3 Nf6 {LiveBook: 3 Games. White has an
edge.} 12. d3 $146 (12. d4 d5 13. e5 Ne4 14. Bd3 cxd4 15. cxd4 Be7 16. Bxe4
dxe4 17. Rd1 Nxe5 {1/2-1/2 (40) Ni,S (2362)-Zhai,M (2329) Zhongshan 2015})
12... Be7 13. Nd2 O-O 14. Nf3 b5 15. Bd2 Rb8 16. Red1 Qc7 17. Rac1 a5 18. a3 b4
19. axb4 axb4 20. d4 bxc3 21. Bxc3 d5 22. exd5 Nxd5 23. Qe4 Nxc3 (23... Bf6 $5
{feels hotter.} 24. Be1 Qe7 25. Bd3 g6 26. Bc4 Nxd4 27. Nxd4 cxd4 28. Bxd5 exd5
29. Qxe7 Bxe7 30. Rxd4 Rfd8) 24. bxc3 Rfd8 25. d5 exd5 26. Rxd5 Rxd5 27. Qxd5
Qd6 28. Bc4 Qxd5 29. Bxd5 Nd8 30. c4 Bf6 31. Re1 {[#]} Kf8 32. Ne5 1/2-1/2

[Event "Yingmei Cup CHN-chT 2017"]
[Site "?"]
[Date "2017.04.21"]
[Round "4"]
[White "Bai, Jinshi"]
[Black "Zhang, Ziji"]
[Result "1-0"]
[WhiteElo "2585"]
[BlackElo "2318"]
[Annotator "TA"]
[PlyCount "71"]
[EventDate "2017.??.??"]
[SourceTitle "Shenzen"]

1. Nf3 d5 2. g3 c6 3. Bg2 Bg4 4. O-O e6 5. d3 Nd7 6. h3 {A07: Réti Opening:
New York and Capablanca Systems} (6. Nbd2 Bd6 7. h3 Bh5 8. b3 Ngf6 9. Bb2 O-O
10. a3 Qe7 11. c4 a5 12. Qc2 Rfe8 13. Rfe1 h6 14. e4 dxe4 15. Nxe4 Nxe4 16.
Rxe4 Rad8 17. Qc3 Qf6 18. d4 Bg6 19. Ree1 b6 {0-1 (56) Petrosian,T (2611)
-Carlsen,M (2851) chess.com INT 2016}) 6... Bh5 7. c4 Ngf6 8. cxd5 cxd5 {
LiveBook: 13 Games} 9. Qb3 Bxf3 $146 (9... Qb6 10. Qxb6 Nxb6 11. g4 Bg6 12. Bf4
Be7 13. Rc1 Rc8 {1-0 (41) Urban,K (2443)-Lisowski, K (2152) Poronin 2014}) 10.
Bxf3 Nc5 11. Qb5+ Qd7 12. Nc3 Be7 13. b4 Na6 14. a3 O-O {[#]} 15. Qxd7 $1 Nxd7
{[#]} 16. Nb5 $1 Ne5 17. Bg2 Nc6 18. Be3 Rfc8 19. Rac1 Nab8 20. Bc5 Bxc5 21.
Rxc5 Nd7 22. Rcc1 Kf8 (22... a5 $11 {remains equal.}) 23. Nd6 $36 {White is
really pushing.} Rcb8 24. e4 Nd4 25. Rc7 Ke7 26. Nxb7 {Hoping for Nc5.} Rc8 27.
Rxc8 Rxc8 28. exd5 Rc3 29. d6+ Kf6 (29... Ke8 $16 {was called for.}) 30. a4 e5
(30... g6 $142 31. h4 h6) 31. f4 $18 Ne2+ 32. Kh2 exf4 {White has a decisive
advantage.} 33. gxf4 g6 {[#]} 34. Nc5 $1 Nxc5 35. bxc5 Nd4 36. Re1 1-0

[Event "Yingmei Cup CHN-chT 2017"]
[Site "?"]
[Date "2017.04.21"]
[Round "4"]
[White "Gao, Rui"]
[Black "Wan, Yunguo"]
[Result "1/2-1/2"]
[WhiteElo "2543"]
[BlackElo "2492"]
[Annotator "TA"]
[PlyCount "77"]
[EventDate "2017.??.??"]
[SourceTitle "Shenzen"]

1. Nf3 Nf6 2. g3 d5 3. Bg2 g6 4. c4 c6 5. b3 Bg7 6. Bb2 O-O 7. O-O a5 8. d3 Bg4
{A11: English Opening: 1...c6} (8... Re8 9. Qc1 Bg4 10. h3 Bxf3 11. Bxf3 e6 12.
Bg2 Nbd7 13. Nc3 h5 14. Nd1 Qc7 15. Qc2 Qd6 16. e3 {1/2-1/2 (55) Aronian,L 
(2785)-Bu,X (2705) Doha 2016}) 9. Nbd2 {LiveBook: 26 Games} Bxf3 10. Nxf3 Ne8 {
White is slightly better.} 11. Qd2 $146 (11. Bxg7 Nxg7 12. Qd2 Re8 13. d4 Nd7
14. Rac1 e6 15. Rfd1 {0-1 (30) Zueger,B (2407)-Telljohann,S (2423) Germany 2013
}) 11... Bxb2 12. Qxb2 e6 13. Rfe1 Qf6 14. Qa3 Nd7 15. cxd5 (15. Rad1 $5 {
seems wilder.} Ne5 16. Nd2 Ng4 17. Rf1 Qc3 18. Qe7) 15... exd5 16. e4 dxe4 17.
dxe4 {Threatens to win with e5.} Ne5 $1 18. Nxe5 Qxe5 19. Rad1 Nf6 20. Qd6 Rfe8
21. f4 Qc3 22. Qd4 ({Better is} 22. e5 $14 Ng4 23. Qd2) 22... Qxd4+ $11 {
The position is equal.} 23. Rxd4 Rad8 24. Rxd8 Rxd8 {Endgame KRB-KRN} 25. e5
Ne8 26. Kf2 Nc7 27. Ke3 Nd5+ 28. Bxd5 Rxd5 {KR-KR} 29. Re2 a4 30. bxa4 Ra5 $1
31. Rb2 Rxa4 32. Rxb7 Rxa2 33. Rc7 Rxh2 34. Rxc6 h5 35. Rc8+ Kg7 36. Rc7 {
[#] Strongly threatening e6.} Kg8 37. Rc8+ Kg7 38. Rc7 {Hoping for e6.} Kg8 39.
Rc8+ 1/2-1/2